What Ocean? - Statistics

General Stats
  • This quiz has been taken 32 times
  • The average score is 9 of 12
Answer Stats
Hint Answer % Correct
Is the Coldest Arctic
92%
Is the Biggest Ocean Pacific
88%
Is Madagascar in Indian
84%
Is the Bermuda Triangle in Atlantic
80%
Borders the most countries Atlantic
76%
Is named after a “City” Atlantic
76%
Is the South China Sea in Pacific
76%
Is Svalbard in Arctic
72%
Is the Warmest Indian
68%
Has the most Islands Pacific
68%
Is the Smallest Ocean Arctic
64%
Has the most Pirates Indian
52%
No matching quizzes found
Score Distribution
Percent of People with Each Score
Percentile by Number Answered
Your Score History
You have not taken this quiz